[Event "66th ch-RUS HL"]
[Site "Yekaterinburg RUS"]
[Date "2013.06.20"]
[Round "1.1"]
[White "Gabrielian, Artur"]
[Black "Vitiugov, Nikita"]
[Result "1/2-1/2"]
[WhiteTitle "GM"]
[BlackTitle "GM"]
[WhiteElo "2545"]
[BlackElo "2734"]
[WhiteFideId "4131002"]
[BlackFideId "4152956"]
[EventDate "2013.06.20"]

1. e4 c5 2. Nf3 e6 3. d4 cxd4 4. Nxd4 a6 5. Bd3 Bc5 6. Nb3 Be7 7. O-O d6 8. Nc3
Nf6 9. a4 b6 10. f4 Nbd7 11. Qe2 Qc7 12. Bd2 Bb7 13. Rae1 O-O 14. g4 Nc5 15. g5
Nfd7 16. Nd4 Rfe8 17. Bc4 Nxe4 18. g6 d5 19. gxf7+ Kxf7 20. Nxe4 Qxc4 21. Ng5+
Bxg5 22. fxg5+ Kg8 23. Qxc4 dxc4 24. Nxe6 Nf8 25. Nxf8 Rxe1 26. Rxe1 Rxf8 27.
Re7 Bc6 28. Bc3 Rf7 29. Re6 Bxa4 30. Rxb6 Bxc2 31. Rb8+ Rf8 32. Rb7 Rf7 33. Rb8+
Rf8 34. Rb7 Rf7 1/2-1/2

[Event "66th ch-RUS HL"]
[Site "Yekaterinburg RUS"]
[Date "2013.06.20"]
[Round "1.2"]
[White "Nepomniachtchi, Ian"]
[Black "Dvoirys, Semen I."]
[Result "1-0"]
[WhiteTitle "GM"]
[BlackTitle "GM"]
[WhiteElo "2717"]
[BlackElo "2533"]
[WhiteFideId "4168119"]
[BlackFideId "4100379"]
[EventDate "2013.06.20"]

1. e4 c5 2. Nf3 d6 3. d4 cxd4 4. Nxd4 Nf6 5. Nc3 a6 6. Be3 e5 7. Nb3 Be6 8. f4
exf4 9. Bxf4 Nc6 10. Qe2 Be7 11. h3 Ne5 12. O-O-O Qc7 13. g4 Rc8 14. g5 Nfd7 15.
Nd5 Bxd5 16. exd5 Qc4 17. Qxc4 Nxc4 18. h4 Nce5 19. Nd4 g6 20. Bh3 Rc5 21. Kb1
Kd8 22. h5 Re8 23. Bg2 Bf8 24. hxg6 hxg6 25. Rh7 Rc7 26. b3 Nc5 27. Rdh1 Rce7
28. R1h4 Ned7 29. Kb2 Ne5 30. a3 Rc7 31. Ka2 Ncd7 32. Bd2 Kc8 33. Ba5 Rc5 34.
Bb4 Rc7 35. Rh8 Rd8 36. Ba5 Rc5 37. Bxd8 Kxd8 38. c4 Ke7 39. R4h7 Rc8 40. Bh3
Re8 41. Bxd7 Nxd7 42. Ne6 Ne5 43. Nxf8 Rxf8 44. Rxf8 Kxf8 45. Rh8+ Kg7 46. Rb8
Nf3 47. c5 1-0

[Event "66th ch-RUS HL"]
[Site "Yekaterinburg RUS"]
[Date "2013.06.20"]
[Round "1.3"]
[White "Ovetchkin, Roman"]
[Black "Alekseev, Evgeny"]
[Result "1/2-1/2"]
[WhiteTitle "GM"]
[BlackTitle "GM"]
[WhiteElo "2529"]
[BlackElo "2714"]
[WhiteFideId "4119991"]
[BlackFideId "4138147"]
[EventDate "2013.06.20"]

1. d4 Nf6 2. c4 e6 3. Nf3 d5 4. g3 Bb4+ 5. Bd2 Be7 6. Bg2 O-O 7. O-O c6 8. Qc2
b6 9. Rd1 Nbd7 10. Bf4 Bb7 11. Ne5 b5 12. Nxd7 Nxd7 13. c5 g5 14. Bd2 f5 15. a4
a6 16. axb5 axb5 17. Rxa8 Qxa8 18. Qc1 h6 19. h4 Qd8 20. hxg5 hxg5 21. Nc3 Rf7
22. Na2 Bf6 23. Be3 Qa5 24. Qb1 Qc7 25. Qc1 Qa5 26. Qb1 Qc7 27. Qc1 Qa5 28. Qb1 1/2-1/2

[Event "66th ch-RUS HL"]
[Site "Yekaterinburg RUS"]
[Date "2013.06.20"]
[Round "1.5"]
[White "Voitsekhovsky, Stanislav"]
[Black "Tomashevsky, Evgeny"]
[Result "0-1"]
[WhiteTitle "GM"]
[BlackTitle "GM"]
[WhiteElo "2523"]
[BlackElo "2709"]
[WhiteFideId "4113470"]
[BlackFideId "4147235"]
[EventDate "2013.06.20"]

1. e4 c6 2. Nc3 d5 3. Qe2 d4 4. Nd1 e5 5. g3 Bd6 6. d3 c5 7. Bg2 Nc6 8. Nh3 f6
9. f4 Be6 10. O-O Qd7 11. fxe5 Nxe5 12. Nf4 Bg4 13. Qe1 Ne7 14. h3 Be6 15. Qe2
O-O-O 16. Nf2 Bf7 17. h4 Kb8 18. Bh3 Qc6 19. Ne6 Bxe6 20. Bxe6 Bc7 21. Bb3 f5
22. Bf4 Rhe8 23. Rae1 N5g6 24. Bxc7+ Qxc7 25. Nh1 f4 26. h5 f3 27. Qxf3 Ne5 28.
Qf4 N7c6 29. Ba4 Re6 30. Bxc6 Rxc6 31. g4 c4 32. Qg3 cxd3 33. cxd3 g6 34. h6 Rc2
35. Rf2 Rxf2 36. Nxf2 Rf8 37. Rf1 Rf3 38. Qh2 a6 39. Kg2 Ka7 40. Qh4 Rf4 41. b4
Qc2 42. Qd8 Rxg4+ 43. Kh3 Qe2 44. Qxd4+ b6 45. Nxg4 Qxf1+ 0-1

[Event "66th ch-RUS HL"]
[Site "Yekaterinburg RUS"]
[Date "2013.06.20"]
[Round "1.6"]
[White "Riazantsev, Alexander"]
[Black "Prizant, Jaroslav"]
[Result "1/2-1/2"]
[WhiteTitle "GM"]
[BlackTitle "IM"]
[WhiteElo "2708"]
[BlackElo "2515"]
[WhiteFideId "4125029"]
[BlackFideId "4140664"]
[EventDate "2013.06.20"]

1. d4 Nf6 2. c4 c5 3. d5 b5 4. cxb5 a6 5. bxa6 g6 6. Nc3 Bxa6 7. g3 d6 8. Bg2
Bg7 9. Nf3 Nbd7 10. O-O Nb6 11. Ne1 O-O 12. Nc2 Nc4 13. Ne3 Ne8 14. Nxc4 Bxc4
15. Bd2 Nc7 16. b3 Nb5 17. Rc1 Nxc3 18. Bxc3 Bxc3 19. Rxc3 Bb5 20. a4 Ba6 21.
Re3 Rb8 22. h4 Rb4 23. Qd2 Qd7 24. Rc1 Rfb8 25. Rcc3 Rd4 26. Qc2 Kf8 27. Rf3 Kg8
28. e4 f6 29. Kh2 Kg7 30. h5 g5 31. e5 dxe5 32. Rxc5 Qg4 33. Rc7 Qxh5+ 34. Kg1
Kh8 35. g4 Rxg4 36. Rg3 Rd4 37. Rh3 Rh4 38. Rg3 Rd4 39. Rh3 Rh4 40. Rg3 Rd4 1/2-1/2

[Event "66th ch-RUS HL"]
[Site "Yekaterinburg RUS"]
[Date "2013.06.20"]
[Round "1.7"]
[White "Levin, Evgeny A."]
[Black "Grachev, Boris"]
[Result "0-1"]
[WhiteTitle "GM"]
[BlackTitle "GM"]
[WhiteElo "2512"]
[BlackElo "2683"]
[WhiteFideId "4182596"]
[BlackFideId "4129199"]
[EventDate "2013.06.20"]

1. d4 Nf6 2. c4 b6 3. Nf3 Bb7 4. Nc3 g6 5. e3 Bg7 6. Bd3 d5 7. cxd5 Nxd5 8. Nxd5
Qxd5 9. O-O O-O 10. Qe2 Nd7 11. e4 Qd6 12. Rd1 c5 13. e5 Qc7 14. Be4 Bxe4 15.
Qxe4 cxd4 16. Bf4 Nc5 17. Qxd4 Ne6 18. Qe4 Nxf4 19. Qxf4 Rfd8 20. Rdc1 Qd7 21.
h4 h6 22. Rc4 Rac8 23. Rac1 b5 24. Rxc8 Rxc8 25. Rxc8+ Qxc8 26. Qb4 Qd7 27. b3
e6 28. a4 a6 29. axb5 axb5 30. Qd4 Qc7 31. Qd3 Qc1+ 32. Kh2 Qc5 33. Qe3 Qd5 34.
Qc3 Bf8 35. Kg1 Kg7 36. Qc2 Be7 37. Qc3 Bc5 38. Qc2 Ba7 39. Kf1 Bb8 40. Qc3 Qe4
41. Qe3 Qb1+ 42. Ke2 Qa2+ 43. Nd2 Qa1 44. Nf3 Ba7 45. Qf4 Bb6 46. Qf6+ Kg8 47.
Qf4 Qb2+ 48. Nd2 h5 49. Qg3 Ba5 50. Qe3 Kg7 51. f4 Bc3 52. Qd3 b4 53. Qd8 Bxd2
54. Qf6+ Kg8 55. Qd8+ Kh7 56. Qxd2 Qxb3 57. Qd7 Kg7 58. Qe7 Qc2+ 59. Ke3 Qc1+
60. Kf3 Qd1+ 61. Kf2 b3 0-1

[Event "66th ch-RUS HL"]
[Site "Yekaterinburg RUS"]
[Date "2013.06.20"]
[Round "1.8"]
[White "Inarkiev, Ernesto"]
[Black "Oparin, Grigoriy"]
[Result "1-0"]
[WhiteTitle "GM"]
[BlackTitle "IM"]
[WhiteElo "2680"]
[BlackElo "2497"]
[WhiteFideId "4162722"]
[BlackFideId "24125890"]
[EventDate "2013.06.20"]

1. e4 c5 2. Nf3 d6 3. d4 cxd4 4. Nxd4 Nf6 5. Nc3 a6 6. Be3 e6 7. Be2 Be7 8. f4
O-O 9. g4 Nc6 10. g5 Nd7 11. Rg1 Re8 12. h4 Nxd4 13. Qxd4 e5 14. Qd2 exf4 15.
Bxf4 Ne5 16. Nd5 Be6 17. O-O-O Bxd5 18. Qxd5 Qc7 19. Rg3 Bf8 20. Rc3 Qe7 21. Rf1
Qd7 22. Rb3 Rab8 23. h5 Qc6 24. Rd1 Qxd5 25. Rxd5 Be7 26. a4 Red8 27. Kb1 f6 28.
gxf6 gxf6 29. Be3 Nc6 30. Bb6 Rdc8 31. Bg4 Kf7 32. Bf5 Rg8 33. Bxh7 Rg2 34. Bc7
Rc8 35. Rxb7 Nb4 36. Rd1 1-0

[Event "66th ch-RUS HL"]
[Site "Yekaterinburg RUS"]
[Date "2013.06.20"]
[Round "1.9"]
[White "Predke, Alexandr"]
[Black "Matlakov, Maxim"]
[Result "0-1"]
[BlackTitle "GM"]
[WhiteElo "2492"]
[BlackElo "2665"]
[WhiteFideId "24107581"]
[BlackFideId "4168003"]
[EventDate "2013.06.20"]

1. e4 c6 2. Nc3 d5 3. Nf3 Bg4 4. Be2 e6 5. h3 Bh5 6. d3 Nf6 7. e5 Nfd7 8. g4 Bg6
9. d4 c5 10. Be3 Nc6 11. Qd2 Rc8 12. dxc5 Bxc5 13. Nb5 O-O 14. O-O Ncxe5 15.
Nxe5 Nxe5 16. Bxc5 Rxc5 17. Qe3 Nd7 18. c3 Qb6 19. a4 a6 20. b4 Rcc8 21. Qxb6
Nxb6 22. Nd6 Rc7 23. f4 Bc2 24. a5 Nc8 0-1

[Event "66th ch-RUS HL"]
[Site "Yekaterinburg RUS"]
[Date "2013.06.20"]
[Round "1.10"]
[White "Shimanov, Aleksandr"]
[Black "Iskusnyh, Sergei"]
[Result "1/2-1/2"]
[WhiteTitle "GM"]
[BlackTitle "GM"]
[WhiteElo "2664"]
[BlackElo "2489"]
[WhiteFideId "4198603"]
[BlackFideId "4120027"]
[EventDate "2013.06.20"]

1. c4 c5 2. b3 e6 3. g3 d5 4. Bg2 Nc6 5. e3 Nb4 6. Ba3 Qf6 7. d4 cxd4 8. exd4
Qxd4 9. Qxd4 Nc2+ 10. Kd2 Nxd4 11. cxd5 Nf6 12. Bxf8 Rxf8 13. Nc3 exd5 14. Nxd5
Nxd5 15. Bxd5 Ke7 16. Re1+ Be6 17. Nf3 Nxf3+ 18. Bxf3 Rac8 19. Rc1 b6 20. Bb7
Rxc1 21. Rxc1 Rb8 22. Be4 Rd8+ 23. Ke3 g6 24. b4 Bxa2 25. Ra1 Bd5 26. Rxa7+ Kf6
27. Bd3 h6 28. h4 g5 29. hxg5+ hxg5 30. Ra6 Rd6 31. Ra7 Rd8 32. Ra6 Rd6 33. Ra7 1/2-1/2

[Event "66th ch-RUS HL"]
[Site "Yekaterinburg RUS"]
[Date "2013.06.20"]
[Round "1.13"]
[White "Vokarev, Sergey"]
[Black "Lysyj, Igor"]
[Result "1/2-1/2"]
[WhiteTitle "GM"]
[BlackTitle "GM"]
[WhiteElo "2472"]
[BlackElo "2656"]
[WhiteFideId "4119711"]
[BlackFideId "4150120"]
[EventDate "2013.06.20"]

1. e4 e5 2. Nf3 Nc6 3. Nc3 Nf6 4. d4 exd4 5. Nxd4 Bb4 6. Nxc6 bxc6 7. Bd3 O-O 8.
O-O d5 9. exd5 cxd5 10. Bg5 c6 11. Qf3 Bd6 12. h3 Rb8 13. b3 Be5 14. Bf4 Bxc3
15. Bxb8 Bxa1 16. Rxa1 Bg4 17. hxg4 Qxb8 18. Re1 h6 19. Qf5 Re8 20. Rxe8+ Qxe8
21. Kf1 Qd8 22. f3 Qc7 23. b4 Kf8 24. g5 hxg5 25. Qxg5 c5 26. bxc5 Qxc5 27. Qh4
Ke7 28. Qe1+ Kf8 29. Qh4 Ke7 30. Qe1+ Kf8 1/2-1/2

[Event "66th ch-RUS HL"]
[Site "Yekaterinburg RUS"]
[Date "2013.06.20"]
[Round "1.16"]
[White "Demchenko, Anton"]
[Black "Ulanov, Alexandr"]
[Result "1-0"]
[WhiteTitle "GM"]
[BlackTitle "IM"]
[WhiteElo "2639"]
[BlackElo "2425"]
[WhiteFideId "4160258"]
[BlackFideId "24107646"]
[EventDate "2013.06.20"]

1. c4 e5 2. Nc3 d6 3. Nf3 f5 4. d4 e4 5. Bg5 Qd7 6. Nd2 Qf7 7. e3 h6 8. Bf4 g5
9. Bg3 Nc6 10. Be2 Nf6 11. h4 f4 12. hxg5 fxg3 13. gxf6 gxf2+ 14. Kf1 Qxf6 15.
Nd5 Qg7 16. Nxe4 Kd8 17. Kxf2 Bf5 18. Bf3 Ne7 19. Nf4 Ng6 20. Ng3 Bd7 21. Ngh5
Qf7 22. Nxg6 Qxg6 23. Nf4 Qf7 24. Bg4 Qxc4 25. Bxd7 Kxd7 26. Rc1 Qf7 27. Rh5 Rg8
28. Rb5 Kc8 29. Qf3 Rb8 30. Qh3+ Qd7 31. Rf5 Be7 32. Rf7 Qxh3 33. gxh3 Kd8 34.
Rh7 c6 35. Rg1 Rxg1 36. Kxg1 Kd7 37. Rxh6 d5 38. Rh7 Kd6 39. Kf2 b6 40. h4 Rf8
41. Ke2 Bf6 42. Kd3 c5 43. Rh6 cxd4 44. Nh5 1-0

[Event "66th ch-RUS HL"]
[Site "Yekaterinburg RUS"]
[Date "2013.06.20"]
[Round "1.17"]
[White "Nozdrachev, Leonid"]
[Black "Kokarev, Dmitry"]
[Result "1/2-1/2"]
[WhiteTitle "FM"]
[BlackTitle "GM"]
[WhiteElo "2389"]
[BlackElo "2639"]
[WhiteFideId "24113433"]
[BlackFideId "4132181"]
[EventDate "2013.06.20"]

1. e4 c5 2. Nf3 d6 3. d4 cxd4 4. Nxd4 Nf6 5. Nc3 a6 6. Bg5 e6 7. f4 Be7 8. Qf3
Nbd7 9. O-O-O Qc7 10. g4 h6 11. Bxf6 Bxf6 12. h4 Qb6 13. Nde2 Nc5 14. g5 Be7 15.
Kb1 Bd7 16. f5 hxg5 17. hxg5 O-O-O 18. Rh5 g6 19. fxg6 fxg6 20. Rxh8 Rxh8 21.
Nf4 Bxg5 22. Nxg6 Re8 23. Qg3 Bf6 24. e5 dxe5 25. Qf2 Na4 26. Qxb6 Nxb6 27. Ne4
Rg8 28. Bd3 Bd8 29. Nxe5 Kc7 30. Nxd7 Nxd7 31. Bc4 Rg6 32. c3 Be7 33. Kc2 Ne5
34. Bd3 Kc6 35. Rd2 Rg1 36. Nf2 Nxd3 37. Kxd3 Rg3+ 38. Ke4 Bd6 39. Nd3 Rg4+ 40.
Kf3 Rh4 41. Nf2 Rf4+ 42. Ke3 Rf5 43. Nd3 Rh5 44. Rg2 Rh3+ 45. Ke4 Rh4+ 46. Ke3
Kd5 47. Rg7 Kc4 48. Rg8 Kd5 49. Rd8 e5 50. Nf2 Rf4 51. b3 Rh4 52. c4+ Kc6 53.
Ne4 Rh3+ 54. Kd2 Bb4+ 55. Ke2 Rh2+ 56. Kd3 Rxa2 57. c5 Ra1 58. Kc4 Ba3 59. Rd6+
Kc7 60. Re6 Rc1+ 61. Kd5 Rd1+ 62. Kxe5 Rd3 63. Rb6 a5 64. Rb5 Bb4 65. Ke6 Rxb3
66. Kd5 a4 67. Nd6 Be1 68. Kc4 Rxb5 69. Nxb5+ Kd7 70. Na3 Kc6 71. Nc2 Bf2 72.
Kb4 a3 73. Kxa3 Kxc5 74. Kb3 Kd5 75. Kb4 Kc6 76. Kc4 Bc5 77. Ne1 b5+ 1/2-1/2

[Event "66th ch-RUS HL"]
[Site "Yekaterinburg RUS"]
[Date "2013.06.20"]
[Round "1.19"]
[White "Korniushin, Nikolay"]
[Black "Najer, Evgeniy"]
[Result "0-1"]
[WhiteTitle "IM"]
[BlackTitle "GM"]
[WhiteElo "2373"]
[BlackElo "2633"]
[WhiteFideId "4123808"]
[BlackFideId "4118987"]
[EventDate "2013.06.20"]

1. d4 d5 2. Nf3 Nf6 3. c4 c6 4. e3 Bg4 5. Qb3 Qb6 6. Ne5 Bf5 7. Nc3 e6 8. c5 Qc7
9. Be2 Nbd7 10. f4 h6 11. O-O Be7 12. Bd2 O-O 13. Nxd7 Qxd7 14. Qa4 b6 15. b4 a5
16. b5 bxc5 17. bxc6 Qc7 18. dxc5 Bxc5 19. Kh1 Qb6 20. Rab1 Bxb1 21. Rxb1 Qc7
22. Rb7 Qd6 23. Bb5 Rab8 24. Ne2 Rxb7 25. cxb7 Qb6 26. Qxa5 Qxb7 27. Bd3 Bb6 28.
Qb4 Qa7 0-1

[Event "66th ch-RUS HL"]
[Site "Yekaterinburg RUS"]
[Date "2013.06.20"]
[Round "1.20"]
[White "Popov, Ivan RUS"]
[Black "Kozlitin, Roman"]
[Result "1-0"]
[WhiteTitle "GM"]
[BlackTitle "FM"]
[WhiteElo "2632"]
[BlackElo "2361"]
[WhiteFideId "4170350"]
[BlackFideId "4142845"]
[EventDate "2013.06.20"]

1. e4 e5 2. Nf3 Nc6 3. Bb5 a6 4. Ba4 Nf6 5. O-O Be7 6. d3 b5 7. Bb3 O-O 8. a4
Bb7 9. Re1 d6 10. Nc3 b4 11. Nd5 Nxd5 12. Bxd5 Na5 13. Bxb7 Nxb7 14. d4 Bf6 15.
dxe5 dxe5 16. Qe2 Qe7 17. Be3 Qe6 18. Nd2 Be7 19. Rec1 Na5 20. Nb3 Qc4 21. Kf1
Qxe2+ 22. Kxe2 Nc4 23. Nd2 Nxe3 24. fxe3 f6 25. Nc4 Kf7 26. Rd1 Rfd8 27. Rd5 c6
28. Rd3 Rxd3 29. cxd3 c5 30. Rc1 Ke8 31. h3 Rc8 32. d4 exd4 33. exd4 Rd8 34. d5
f5 35. Kf3 fxe4+ 36. Kxe4 Kd7 37. d6 Bxd6 38. Nxd6 Kxd6 39. Rd1+ Kc7 40. Rxd8
Kxd8 41. Kd5 Kc7 42. Kxc5 b3 43. Kb4 Kb6 44. Kxb3 Kc5 45. Kc3 a5 46. h4 h5 47.
b3 1-0

[Event "66th ch-RUS HL"]
[Site "Yekaterinburg RUS"]
[Date "2013.06.20"]
[Round "1.21"]
[White "Egorov, Dmitry"]
[Black "Ponkratov, Pavel"]
[Result "0-1"]
[WhiteTitle "FM"]
[BlackTitle "GM"]
[WhiteElo "2355"]
[BlackElo "2605"]
[WhiteFideId "4128303"]
[BlackFideId "4157800"]
[EventDate "2013.06.20"]

1. e4 c5 2. c3 e6 3. d4 d5 4. e5 Nc6 5. Nf3 Bd7 6. a3 f6 7. Bd3 Qc7 8. O-O O-O-O
9. Re1 Nge7 10. b4 c4 11. Bc2 Ng6 12. a4 Be7 13. Na3 a6 14. h3 f5 15. Rb1 Rdf8
16. Bd2 Rhg8 17. Qe2 Nh8 18. Nh2 g5 19. Nxc4 dxc4 20. Qxc4 Kb8 21. Qe2 Nxd4 22.
cxd4 Qxc2 23. b5 axb5 24. d5 Qc4 0-1

[Event "66th ch-RUS HL"]
[Site "Yekaterinburg RUS"]
[Date "2013.06.20"]
[Round "1.23"]
[White "Yuferev, Oleg"]
[Black "Shomoev, Anton"]
[Result "1/2-1/2"]
[WhiteTitle "FM"]
[BlackTitle "GM"]
[WhiteElo "2284"]
[BlackElo "2565"]
[WhiteFideId "4131720"]
[BlackFideId "4135148"]
[EventDate "2013.06.20"]

1. c4 g6 2. e4 e5 3. d4 Nf6 4. Nf3 exd4 5. e5 Ne4 6. Qxd4 Bb4+ 7. Nbd2 Nxd2 8.
Bxd2 Nc6 9. Qf4 Bxd2+ 10. Qxd2 Qe7 11. O-O-O O-O 12. Re1 d6 13. exd6 Qxd6 14.
Qxd6 cxd6 15. Rd1 Rd8 16. Nd4 Bg4 17. Be2 Bxe2 18. Nxe2 Ne5 19. b3 d5 20. cxd5
Rac8+ 21. Kb2 Ng4 22. Rd4 f5 23. f3 Ne3 24. Nc3 Nxg2 25. Rhd1 Rd7 26. R1d2 Ne3
27. R2d3 Nf1 28. Rd1 Ne3 29. R1d3 Nf1 30. Rd1 Ne3 31. R1d3 1/2-1/2

[Event "66th ch-RUS HL"]
[Site "Yekaterinburg RUS"]
[Date "2013.06.20"]
[Round "1.24"]
[White "Goganov, Aleksey"]
[Black "Kruchev, Boris"]
[Result "1-0"]
[WhiteTitle "IM"]
[BlackTitle "FM"]
[WhiteElo "2562"]
[BlackElo "2272"]
[WhiteFideId "24109959"]
[BlackFideId "4179714"]
[EventDate "2013.06.20"]

1. d4 d5 2. c4 c6 3. Nc3 Nf6 4. e3 g6 5. Nf3 Bg7 6. Be2 O-O 7. O-O b6 8. b3 c5
9. Ba3 Bb7 10. Rc1 dxc4 11. Bxc4 cxd4 12. Nxd4 Nbd7 13. Be2 Nc5 14. Bf3 Qd7 15.
Bxc5 bxc5 16. Ndb5 Rfd8 17. Qxd7 Rxd7 18. Bxb7 Rxb7 19. Na3 Nd7 20. Na4 Rc8 21.
Rc2 Bf8 22. Rfc1 e6 23. Kf1 Rc6 24. Nc4 Ra6 25. Nc3 Nb6 26. Nxb6 axb6 27. Nb5
Rd7 28. Ke2 Kg7 29. a4 Kf6 30. Rd2 Ke7 31. Rxd7+ Kxd7 32. Kd3 Ra8 33. Rd1 Kc6
34. Kc4 Be7 35. e4 Rd8 36. Rxd8 Bxd8 37. Na3 Bc7 38. h3 Bh2 39. Nc2 Bg1 40. f3
Bf2 41. Na3 Bg3 42. Nb5 Bf4 43. Nc3 Bd6 44. Ne2 Bc7 45. Nc1 Bb8 46. Nd3 Bg3 47.
Nc1 Bb8 48. g4 Bg3 49. Nd3 Bh2 50. g5 Bg3 51. f4 Bh2 52. b4 cxb4 53. Nxb4+ Kd6
54. Nd3 Kc6 55. Kd4 Kd6 56. Kc4 Kc6 57. Kc3 Bg3 58. Kd4 Kd6 59. Ke3 Bh2 60. Ne5
Bg1+ 61. Kd3 Bh2 62. Ke3 Bg1+ 63. Kf3 Ke7 64. Ng4 Bd4 65. e5 Kf8 66. Ke4 Bc5 67.
Kd3 Kg7 68. Kc4 Bg1 69. Kb5 Kf8 70. Nf6 Ke7 71. Kc6 Be3 72. Nd7 Bxf4 73. Nxb6
Bd2 74. Nc4 Bc3 75. a5 1-0

[Event "66th ch-RUS HL"]
[Site "Yekaterinburg RUS"]
[Date "2013.06.20"]
[Round "1.25"]
[White "Shishigin, Dmitry"]
[Black "Eliseev, Urii"]
[Result "0-1"]
[BlackTitle "IM"]
[WhiteElo "2230"]
[BlackElo "2557"]
[WhiteFideId "24104353"]
[BlackFideId "24131920"]
[EventDate "2013.06.20"]

1. d4 c5 2. d5 d6 3. c4 g6 4. Nc3 Bg7 5. e4 e6 6. f4 exd5 7. cxd5 a6 8. a4 Nh6
9. Nf3 O-O 10. Bd3 Bg4 11. O-O Nd7 12. h3 Bxf3 13. Qxf3 f5 14. Bd2 c4 15. Bxc4
Rc8 16. Bd3 Qb6+ 17. Kh2 Qxb2 18. Ra2 Qb6 19. a5 Qd4 20. Ra4 Qf6 21. Ra3 Nc5 22.
Bb1 Rfe8 23. Re1 Qd4 24. Qe3 Qc4 25. Ba2 Qd3 26. Bb1 Qxe3 27. Rxe3 Kf7 28. exf5
Nxf5 29. Bxf5 gxf5 30. g4 Bd4 31. Rxe8 Rxe8 32. Ra2 Nb3 33. Nb1 Re2+ 34. Kg3 Be3
35. Rb2 Nxd2 36. Rxb7+ Kg6 37. Nxd2 Rxd2 0-1

[Event "66th ch-RUS HL"]
[Site "Yekaterinburg RUS"]
[Date "2013.06.21"]
[Round "2.1"]
[White "Demchenko, Anton"]
[Black "Nepomniachtchi, Ian"]
[Result "1-0"]
[WhiteTitle "GM"]
[BlackTitle "GM"]
[WhiteElo "2639"]
[BlackElo "2717"]
[WhiteFideId "4160258"]
[BlackFideId "4168119"]
[EventDate "2013.06.20"]

1. e4 c5 2. Nf3 d6 3. d4 cxd4 4. Nxd4 Nf6 5. Nc3 a6 6. Be2 e5 7. Nb3 Be7 8. O-O
O-O 9. Be3 Be6 10. Qd3 Nbd7 11. Nd5 Bxd5 12. exd5 Qc7 13. c4 Nc5 14. Nxc5 dxc5
15. Bf3 Bd6 16. g3 Rae8 17. Qc2 e4 18. Bg2 Ng4 19. Bxe4 Nxe3 20. fxe3 g6 21.
Rae1 Re7 22. Bd3 f5 23. a3 Rfe8 24. Rf3 Re5 25. Kg2 Bf8 26. Re2 Qe7 27. Qb3 Qc7
28. Qc2 Qe7 29. Qb3 Bh6 30. Bc2 Qc7 31. Kf2 R5e7 32. Kg2 Qd6 33. Kf2 Bg7 34. Qd3
Re5 35. Qd2 b5 36. Bd3 Kh8 37. Qc2 bxc4 38. Bxc4 Re4 39. b3 h5 40. Qd2 Bh6 41.
Qa5 Qe7 42. d6 Qxd6 43. Qxa6 Qxa6 44. Bxa6 R4e5 45. Bc4 g5 46. Kg2 f4 47. gxf4
gxf4 48. e4 Rg5+ 49. Kf2 Bg7 50. Rxf4 Bd4+ 51. Kf3 Rg1 52. Rf5 Kg7 53. Rg2+ Rxg2
54. Kxg2 Rxe4 55. Rxh5 Rf4 56. Kg3 Rf2 57. a4 Ra2 58. h4 Kf6 59. Kf4 Ke7 60. Ke4
Kd6 61. Rh6+ Kc7 62. h5 Ra1 63. Rg6 Re1+ 64. Kf4 Be3+ 65. Kf3 Bd2 66. Rg2 Re3+
67. Kg4 Re4+ 68. Kf5 Rf4+ 69. Kg6 Rd4 70. Rh2 Rd6+ 71. Kf5 Kb6 72. Re2 Rd8 73.
Re6+ Ka5 74. Ra6+ Kb4 75. Rb6+ Ka3 76. Rb5 Rh8 77. Kg4 Be3 78. a5 Ra8 79. Kf5
Bd2 80. Bd5 Ra7 81. Bb7 Bxa5 82. h6 Bc3 83. h7 Kb2 84. Ke6 Bh8 85. Kd6 Ra3 86.
Bd5 Ra7 87. Bg8 Bd4 88. Kd5 Rd7+ 89. Kc4 Bc3 90. Kxc5 Rg7 91. Rb8 Rg5+ 92. Kc6
Rg6+ 93. Kd5 Rg5+ 94. Ke4 Ka3 95. Kd3 Bf6 96. Rb6 Bh8 97. Ra6+ Kb2 98. b4 Rh5
99. Ra2+ Kb1 100. Re2 Rh4 101. Re4 Rh6 102. b5 Kb2 103. Kc4 Bg7 104. Re6 Rh4+
105. Kd5 Kc3 106. b6 Rh5+ 107. Kc6 Kb4 108. Re4+ Ka5 109. b7 Rb5 110. Re8 Rb6+
111. Kc7 Ka6 112. Bc4+ 1-0

[Event "66th ch-RUS HL"]
[Site "Yekaterinburg RUS"]
[Date "2013.06.21"]
[Round "2.3"]
[White "Tomashevsky, Evgeny"]
[Black "Popov, Ivan RUS"]
[Result "1-0"]
[WhiteTitle "GM"]
[BlackTitle "GM"]
[WhiteElo "2709"]
[BlackElo "2632"]
[WhiteFideId "4147235"]
[BlackFideId "4170350"]
[EventDate "2013.06.20"]

1. d4 Nf6 2. c4 g6 3. Nc3 d5 4. Nf3 Bg7 5. Qb3 dxc4 6. Qxc4 O-O 7. e4 a6 8. Be2
b5 9. Qb3 c5 10. dxc5 Be6 11. Qc2 Nbd7 12. Be3 Rc8 13. Rd1 b4 14. Nd5 Bxd5 15.
exd5 Nxc5 16. O-O Qd6 17. Qc4 Na4 18. Qb3 Nc5 19. Qxb4 Nxd5 20. Qh4 Qc6 21. Bd4
Rfd8 22. Bxg7 Kxg7 23. Bc4 e6 24. Rd4 f6 25. Rfd1 Rd6 26. Bxd5 exd5 27. h3 Rcd8
28. Rc1 Qb6 29. Rb4 Qa5 30. Qd4 Ne6 31. Rb7+ R8d7 32. Rxd7+ Rxd7 33. Qe3 Nf8 34.
a3 Kf7 35. Rc6 Qb5 36. Qc1 Re7 37. b4 Ne6 38. Rd6 Qd3 39. Qe3 Qxe3 40. fxe3 Nc7
41. Rc6 Ke8 42. Kf2 f5 43. Nd4 Kd7 44. g3 Re8 45. Rb6 Re4 46. Kf3 1-0

[Event "66th ch-RUS HL"]
[Site "Yekaterinburg RUS"]
[Date "2013.06.21"]
[Round "2.7"]
[White "Ponkratov, Pavel"]
[Black "Khismatullin, Denis"]
[Result "0-1"]
[WhiteTitle "GM"]
[BlackTitle "GM"]
[WhiteElo "2605"]
[BlackElo "2658"]
[WhiteFideId "4157800"]
[BlackFideId "4142578"]
[EventDate "2013.06.20"]

1. d4 Nf6 2. c4 e6 3. g3 d5 4. Bg2 Bb4+ 5. Bd2 Bd6 6. Nc3 O-O 7. Nf3 c6 8. O-O
Nbd7 9. Qb3 Qe7 10. Rfe1 dxc4 11. Qxc4 e5 12. e4 exd4 13. Nxd4 Ne5 14. Qe2 Bc5
15. Nf5 Bxf5 16. exf5 Rfe8 17. Bf4 Ned7 18. Qd2 Qf8 19. a3 Nb6 20. Rxe8 Rxe8 21.
Rd1 Nc4 22. Qc2 Ng4 23. Rf1 Bxf2+ 24. Rxf2 Re1+ 25. Bf1 Qc5 26. Na4 Qd4 27. Kh1
Nce3 28. Bxe3 Nxe3 0-1

[Event "66th ch-RUS HL"]
[Site "Yekaterinburg RUS"]
[Date "2013.06.21"]
[Round "2.9"]
[White "Vitiugov, Nikita"]
[Black "Ovetchkin, Roman"]
[Result "1/2-1/2"]
[WhiteTitle "GM"]
[BlackTitle "GM"]
[WhiteElo "2734"]
[BlackElo "2529"]
[WhiteFideId "4152956"]
[BlackFideId "4119991"]
[EventDate "2013.06.20"]

1. d4 Nf6 2. c4 e6 3. Nc3 Bb4 4. e3 O-O 5. Ne2 Re8 6. a3 Bf8 7. d5 a5 8. Ng3 Na6
9. Bd3 Nc5 10. Bc2 b6 11. Rb1 a4 12. Nxa4 Nxa4 13. Bxa4 exd5 14. cxd5 Nxd5 15.
O-O Nf6 16. f3 Ba6 17. Re1 b5 18. Bc2 d5 19. b4 g6 20. Qd4 c5 21. bxc5 Rc8 22.
Bb2 Re6 23. Qf4 Bxc5 24. Bf5 gxf5 25. Qg5+ Kf8 26. Nxf5 Ne8 27. Bg7+ Nxg7 28.
Qxg7+ Ke8 29. Qg8+ Bf8 30. Ng7+ Ke7 31. Nxe6 Kxe6 32. Qg4+ f5 33. Qg8+ Kf6 34.
Qxh7 Qe7 35. Qh5 Rc4 36. Rbd1 Bb7 37. Rd3 Qf7 38. Qh3 Bc5 39. Qh8+ Qg7 40. Qd8+
Qe7 41. Qh8+ Qg7 42. Qd8+ Qe7 43. Qh8+ 1/2-1/2